Medzinárodný menový fond a jeho úlohy v 21. storočí bakalárska práca

Guardado en:
Detalles Bibliográficos
Autor principal: Bačinský, Mikuláš
Autor Corporativo: Národohospodárska fakulta EU. Katedra bankovníctva a medzinárodných financií
Otros Autores: Kováčová, Jana
Formato: Libro
Lenguaje:eslovaco
Publicado: Bratislava 2015
Etiquetas: Agregar Etiqueta
Sin Etiquetas, Sea el primero en etiquetar este registro!

MARC

LEADER 00000nbm a2200000 4500
001 0206393
005 20161212094930.6
041 0 |a slo 
044 |a SK 
245 1 0 |a Medzinárodný menový fond a jeho úlohy v 21. storočí  |b bakalárska práca  |c Mikuláš Bačinský ; školiteľ: Jana Kováčová 
264 1 |a Bratislava  |c 2015 
300 |a 49 s. 
100 1 |a Bačinský, Mikuláš 
700 1 |a Kováčová, Jana 
710 2 |a Národohospodárska fakulta EU. Katedra bankovníctva a medzinárodných financií